Cumhuriyet Dönemi Edebiyatı, 1923-1950 (Record no. 1666)

000 -LEADER
fixed length control field 00394nam a22001577a 4500
008 - FIXED-LENGTH DATA ELEMENTS--GENERAL INFORMATION
fixed length control field 171109b xxu||||| |||| 00| | tur d
020 ## - INTERNATIONAL STANDARD BOOK NUMBER
International Standard Book Number 9751713552
041 ## - LANGUAGE CODE
Language code of text/sound track or separate title Türkçe
050 ## - LIBRARY OF CONGRESS CALL NUMBER
Classification number PL219
100 ## - MAIN ENTRY--PERSONAL NAME
Personal name Oktay, Ahmet
9 (RLIN) 228
245 ## - TITLE STATEMENT
Title Cumhuriyet Dönemi Edebiyatı, 1923-1950
250 ## - EDITION STATEMENT
Edition statement 1.Baskı
260 ## - PUBLICATION, DISTRIBUTION, ETC.
Place of publication, distribution, etc. Ankara
Name of publisher, distributor, etc. Kültür Bakanlığı
Date of publication, distribution, etc. 1993
300 ## - PHYSICAL DESCRIPTION
Extent 1300 Sayfa
942 ## - ADDED ENTRY ELEMENTS (KOHA)
Source of classification or shelving scheme
Koha item type Books
Holdings
Withdrawn status Lost status Source of classification or shelving scheme Damaged status Not for loan Permanent Location Current Location Shelving location Date acquired Full call number Barcode Date last seen Price effective from Koha item type
        Ödünç verilemez İmren Ahmet Tüzün Kütüphanesi İmren Ahmet Tüzün Kütüphanesi Ahmet Tüzün 2017-11-09 PL219 100100001642 2017-11-09 2017-11-09 Books

This software was implemented, installed and managed by Devinim Software Training Consulting .